| 000 | 00853nas a2200289 4500 | ||
|---|---|---|---|
| 001 | BR5500174 | ||
| 003 | BR-BrBNA | ||
| 005 | 20231205081953.0 | ||
| 007 | ta | ||
| 008 | 230509b bl.|||p| |||| 00| 00por d | ||
| 040 |
_aBR-BrBNA _bpor _cBiblioteca Nacional de Agricultura |
||
| 041 | _a(Pt) | ||
| 072 | _aL73; L70 | ||
| 100 | 1 | _aTondo, C.V. | |
| 100 | 1 | _aCorrea, O. | |
| 100 | 1 | _aPeres, G. | |
| 245 | 1 | _aNovos ensaios com Pasteurella Multocida, inativada por ultra-violeta, como imunizante na colera aviaria | |
| 650 | _aCOLERA | ||
| 650 | _aIMUNOLOGIA | ||
| 650 | _aRAIO ULTRAVIOLETA | ||
| 650 | _aAVE DOMESTICA | ||
| 650 | _aVACINA | ||
| 650 | _aBACTERIA | ||
| 773 | 0 |
_tBoletim da Diretoria da Producao Animal (Brazil) _x _g(May 1955), v. 11(22) p. 37-41 _wBR5500174 |
|
| 909 |
_a202311 _bLúcia _c55 _dLúcia Elande |
||
| 942 |
_2AGRIS _n0 _cANA |
||
| 999 |
_c88230 _d88230 |
||